O nº 11 (Registo nº 1192)
[ vista simples ]
| 000 -Etiqueta do registo | |
|---|---|
| Cabeçalho | 00716nam0a2200253 4500 |
| 005 - Identificador da versão | |
| Campo de controlo | 20240813121828.0 |
| 010 ## - Número internacional normalizado dos livros (ISBN) | |
| Número (ISBN) | 9789727728077 |
| 021 ## - Número do Depósito Legal | |
| Código do país | PT |
| Número | 276535/08 |
| 100 ## - Dados gerais de processamento | |
| Dados gerais de processamento | 20151015d2008 m d0pory5003 ba |
| 102 ## - Pais de publicação ou produção | |
| País de publicação | Portugal |
| 101 0# - Língua de publicação | |
| Língua do texto, banda sonora, etc. | Português |
| 215 ## - Descrição física | |
| Indicação específica da natureza do documento e extensão da espécie | 80, [1] p |
| 200 1# - Titulo e menção de responsabilidade | |
| Título próprio | O nº 11 |
| Primeira menção de responsabilidade | Margarida Fonseca Santos |
| 225 2# - Colecção | |
| Título próprio da colecção | Extra-colecção |
| 210 ## - Publicação, Distribuição, etc. | |
| Lugar da edição, distribuição, etc. | Lisboa |
| Nome do editor, distribuidor, etc. | Colibri |
| Lugar da edição, distribuição, etc. | Portimão |
| Nome do editor, distribuidor, etc. | Câmara Municipal |
| Data da publicação, distribuição, etc. | 2008 |
| 606 ## - Nome comum usado como assunto | |
| Número de registo de entrada de autoridade | 0002010 |
| Palavra de ordem | Literatura portuguesa |
| Subdivisão de assunto | Conto |
| Código do sistema | CA |
| 675 ## - Classificação Decimal Universal (CDU) | |
| Notação | 821.134.3-34 |
| Edição | 3ª ed. |
| Língua da edição | por |
| 700 #1 - Nome de autor-pessoa física (responsabilidade principal) | |
| Número de registo de entrada de autoridade | 0001667 |
| Palavra de ordem | Santos |
| Outra parte do nome não tomada para palavra de ordem | Margarida Fonseca |
| Datas | 1960- |
| 900 ## - | |
| -- | BIBNAC |
| -- | 20100112 |
| 966 ## - Identificação da Biblioteca | |
| Sigla | EB2,3ENM |
| 942 ## - Elementos de entrada adicionados (Koha) | |
| Tipo de item no Koha | Livro |
| Situação do levantamento | Origin of item (home branch) (coded) | Biblioteca de empréstimo | Código de barras | Cota | Circulation type (not for loan) | Tipo de documento | Nota do exemplar | Damaged status |
|---|---|---|---|---|---|---|---|---|
| Biblioteca Escolar Eng. Nuno Mergulhão | Biblioteca Escolar Eng. Nuno Mergulhão | BENM2166 | 82LP-34 SAN | Livro | Sem mensagem | |||
| Biblioteca Escolar Eng. Nuno Mergulhão | Biblioteca Escolar Eng. Nuno Mergulhão | BENM2527 | 82LP-34 SAN | Livro | Sem mensagem |
